abcdefu - GAYLE - All Lyrics - Statistics

General Stats
  • This quiz has been taken 367 times
    197 since last reset
  • The average score is 210 of 333
Answer Stats
Answer % Correct
a
100%
F-u
97%
F
96%
(F
96%
Na-na-na-na,
96%
na-na-na-na
96%
you
92%
you,
92%
You
92%
and
91%
And
91%
your
91%
mom
89%
Fuck
88%
fuck
88%
sister
88%
I
86%
do
84%
car
82%
broke-ass
80%
friends
80%
that
80%
dog,
79%
never
77%
A-b-c-d-e,
76%
again
76%
see
76%
but
74%
But
74%
I'll
74%
all
71%
can
70%
off
70%
off)
70%
call
69%
Everybody
67%
job
65%
shit
65%
art
62%
be
52%
me
51%
the
51%
it
50%
to
48%
so
47%
in
44%
I'm
40%
Now
40%
now
40%
was
40%
my
39%
when
38%
When
38%
into
37%
you're
37%
You’re
37%
like
36%
out
36%
over
36%
for
33%
It’s
33%
let
33%
nice
33%
spell
33%
tryna
33%
what
32%
hate
29%
nothin'
29%
Even
28%
even
28%
girl
27%
way
27%
first
26%
only
26%
place
26%
She
26%
They
26%
through,
26%
two
26%
bitch,
25%
nothing's
25%
attention
24%
best
24%
days,
24%
getting
24%
liked
24%
say,
24%
voice
24%
about
23%
everyone
23%
made
23%
said
23%
sounds
23%
Told
23%
couch
22%
had
22%
asking
21%
connection
21%
Dated
21%
gave
21%
ended
20%
mean
20%
questions
20%
start
20%
worst
20%
anythin'
19%
became
19%
craigslist
19%
just
19%
textin'
19%
you'd
19%
affection
18%
take
18%
Always
17%
tried
17%
couldn't
16%
goin'
16%
put
16%
space
16%
swear
16%
ways
16%
yourself
16%
above
15%
meant
15%
bite
14%
needed
14%
tongue
14%
No matching quizzes found
Score Distribution
Percent of People with Each Score
Percentile by Number Answered
Your Score History
You have not taken this quiz since the last reset